Top 15 des pays avec les décès de Covid-19 - 14 novembre - Statistiques

Statistiques générales
  • Ce quiz a été pris 35 fois
  • Le résultat moyen est 11 sur 20
Statistiques - réponses
pays % Correct
France
97%
Brésil
90%
Espagne
90%
Etats-Unis
84%
Italie
84%
Russie
81%
Mexique
68%
Royaume-Uni
68%
Inde
65%
Argentine
58%
Colombie
58%
Belgique
48%
Chili
42%
Pérou
42%
Iran
35%
Bolivie
32%
Équateur
26%
Indonésie
19%
Afrique du Sud
16%
Panama
10%
Aucun quiz correspondant
Distribution des résultats
% des personnes avec chaque résultat
Percentile par nombre de réponses
Votre historique - résultats
Vous n’avez pas pris ce quiz